000 00273nam a22001217a 4500
008 180730b xxu||||| |||| 00| 0 eng d
082 _a813.52
245 _aInteractive Physiology
_cPearson
260 _c2008
300 _a1
_fCD
440 _x0805361170
942 _2ddc
_cMX
999 _c46687
_d46687